<?xml version="1.0" encoding="UTF-8"?><?xml-stylesheet type="text/xsl" href="static/style.xsl"?><OAI-PMH xmlns="http://www.openarchives.org/OAI/2.0/" xmlns:xsi="http://www.w3.org/2001/XMLSchema-instance" xsi:schemaLocation="http://www.openarchives.org/OAI/2.0/ http://www.openarchives.org/OAI/2.0/OAI-PMH.xsd"><responseDate>2026-04-17T15:00:34Z</responseDate><request verb="GetRecord" identifier="oai:www.recercat.cat:20.500.12328/2028" metadataPrefix="marc">https://recercat.cat/oai/request</request><GetRecord><record><header><identifier>oai:recercat.cat:20.500.12328/2028</identifier><datestamp>2025-05-16T12:47:59Z</datestamp><setSpec>com_2072_67741</setSpec><setSpec>col_2072_484352</setSpec></header><metadata><record xmlns="http://www.loc.gov/MARC21/slim" xmlns:dcterms="http://purl.org/dc/terms/" xmlns:xsi="http://www.w3.org/2001/XMLSchema-instance" xmlns:doc="http://www.lyncode.com/xoai" xsi:schemaLocation="http://www.loc.gov/MARC21/slim http://www.loc.gov/standards/marcxml/schema/MARC21slim.xsd">
   <leader>00925njm 22002777a 4500</leader>
   <datafield ind2=" " ind1=" " tag="042">
      <subfield code="a">dc</subfield>
   </datafield>
   <datafield ind2=" " ind1=" " tag="720">
      <subfield code="a">Escribano, Xavier</subfield>
      <subfield code="e">author</subfield>
   </datafield>
   <datafield ind2=" " ind1=" " tag="260">
      <subfield code="c">2020</subfield>
   </datafield>
   <datafield ind2=" " ind1=" " tag="520">
      <subfield code="a">La funció de la respiració, més enllà de la seva explicació fisiològica, constitueix una experiència humana bàsica i un mode fonamental de conducta. Seguint, en primer lloc, el treball d’Erwin Straus, en el marc de la seva antropologia i psicologia fenomenològica, podem concloure que l’experiència immemorial de la respiració presenta tres aspectes o facetes fonamentals que seran delineats en el nostre treball: a) la participació i l’intercanvi (connexió de l’individu amb la totalitat); b) el poder i la feblesa (relacionat amb l’emissió de la veu), i c) l’atracció i repulsió (vinculat al sentit de l’olfacte). Completant l’aproximació d’Straus, ens referirem també al treball del fenomenòleg Drew Leder que assenyala la respiració com un fenomen que fa frontissa entre allò conscient i allò inconscient; entre el voluntari i l’involuntari; entre el moviment i la quietud, i també entre allò visible i allò invisible. Finalment, farem esment de la fenomenologia de la «manca de respiració» (breathlessness) desenvolupada per Havi Carel des de la perspectiva de la malaltia viscuda, que posa de manifest fins a quin punt una alteració d’una funció corporal bàsica altera les principals dimensions relacionals de l’existència personal.</subfield>
   </datafield>
   <datafield ind1="8" ind2=" " tag="024">
      <subfield code="a">Escribano López, Xavier. L’experiència de la respiració: aproximacions des d’una fenomenologia del cos viscut. Anuari de la Societat Catalana de Filosofia, 2019-2020, XXX-XXXI, p. 201-209. Disponible en: &lt;https://publicacions.iec.cat/repository/pdf/00000295/00000059.pdf>. Fecha de acceso: 26 feb. 2021. DOI: 10.2436/20.3001.01.110</subfield>
   </datafield>
   <datafield ind1="8" ind2=" " tag="024">
      <subfield code="a">1130-4383</subfield>
   </datafield>
   <datafield ind1="8" ind2=" " tag="024">
      <subfield code="a">http://hdl.handle.net/20.500.12328/2028</subfield>
   </datafield>
   <datafield ind1="8" ind2=" " tag="024">
      <subfield code="a">http://dx.doi.org/10.2436/20.3001.01.110</subfield>
   </datafield>
   <datafield tag="653" ind2=" " ind1=" ">
      <subfield code="a">Fenomenologia</subfield>
   </datafield>
   <datafield tag="653" ind2=" " ind1=" ">
      <subfield code="a">Respiració</subfield>
   </datafield>
   <datafield tag="653" ind2=" " ind1=" ">
      <subfield code="a">Humanitats</subfield>
   </datafield>
   <datafield tag="653" ind2=" " ind1=" ">
      <subfield code="a">Malalties</subfield>
   </datafield>
   <datafield tag="653" ind2=" " ind1=" ">
      <subfield code="a">Fenomenología</subfield>
   </datafield>
   <datafield tag="653" ind2=" " ind1=" ">
      <subfield code="a">Respiración</subfield>
   </datafield>
   <datafield tag="653" ind2=" " ind1=" ">
      <subfield code="a">Humanidades</subfield>
   </datafield>
   <datafield tag="653" ind2=" " ind1=" ">
      <subfield code="a">Enfermedades</subfield>
   </datafield>
   <datafield tag="653" ind2=" " ind1=" ">
      <subfield code="a">Phenomenology</subfield>
   </datafield>
   <datafield tag="653" ind2=" " ind1=" ">
      <subfield code="a">Breathing</subfield>
   </datafield>
   <datafield tag="653" ind2=" " ind1=" ">
      <subfield code="a">Humanities</subfield>
   </datafield>
   <datafield tag="653" ind2=" " ind1=" ">
      <subfield code="a">Diseases</subfield>
   </datafield>
   <datafield ind2="0" ind1="0" tag="245">
      <subfield code="a">L’experiència de la respiració: aproximacions des d’una fenomenologia del cos viscut</subfield>
   </datafield>
</record></metadata></record></GetRecord></OAI-PMH>